Statystyki dla Państwa graniczące z Czadem

Kliknij tutaj aby rozwiązać quiz!

Ogólne statystyki

  • Ten quiz został rozwiązany 185 razy
  • Średni wynik to 5 z 6

Statystyki odpowiedzi

KierunekPaństwo% Poprawnych
WschódSudan
97%
ZachódNiger
94%
PółnocLibia
92%
ZachódNigeria
82%
PołudnieRepublika-Środkowoafrykańska
73%
Południowy-ZachódKamerun
65%

Rozkład punktacji

Percentyl według liczby udzielonych odpowiedzi

Procent ludzi z każdym wynikiem

Twoja historia wyników

Nie rozwiązałeś tego quizu